00513nam a22001697a 450000500170000001000150001702000260003203500140005803700130007208200120008510000190009724501000011626000290021627000550024530000250030050000180032520170721115245.0 aENG-119370 a9789350020036c295.00 aEN-102902 bDBAD/PUB a335.423 aShanin, Teodor aLate marx and the russians road ;bMarx and 'The peripheries of capitalism' /cby Teodor Shanin aDelhibAakar Booksc2010 a28 E Pocket IV, Mayur Vihar Phase IbDelhie110091 ax,286p.c22cm. (pbk) aInclude index